| 000 | 00875nam a2200205Ia 4500 | ||
|---|---|---|---|
| 999 |
_c38143 _d38143 |
||
| 001 | 4133 | ||
| 003 | GE_BSU | ||
| 005 | 20190926162111.0 | ||
| 008 | 181216s1964||||ge |||||||||||||| ||geo|| | ||
| 040 | _cGE_BSU | ||
| 041 | _ageo | ||
| 080 | _a398(479.22) ქ–27 | ||
| 245 |
_aქართული ფოლკლორი : _bტ. I-II; მასალები და გამოკვლევები / _cრედ. მ. ჩიქოვანი. |
||
| 264 |
_aთბ.: _bმეცნიერება, _c1964. |
||
| 300 |
_a288 გვ. ; _b21 სმ. |
||
| 653 | _aქართული ფოლკლორი | ||
| 700 |
_aჩიქოვანი,მ. _eრედაქტორი _94335 |
||
| 710 |
_aსაქ. სსრ მეცნ. აკად., რუსთაველის სახ. ქართ. ლიტ. ინ-ტი. _94125 |
||
| 942 |
_cBK _2udc |
||